Score 0/128 Timer 01:30
0 Plays Today
% Correct
D2 A5
88.2%
D2 A5
88.2%
D2 A5
88.2%
D2 A5
88.2%
A5 D2
88.2%
A5 D2
88.2%
A5 D2
88.2%
A5 D2
88.2%
B2 D6
86.8%
B2 D6
86.8%
B2 D6
86.8%
B2 D6
86.8%
D6 B2
86.8%
D6 B2
86.8%
D6 B2
86.8%
D6 B2
86.8%
A1 D5
77%
A1 D5
77%
A1 D5
77%
A1 D5
77%
D5 A1
77%
D5 A1
77%
D5 A1
77%
D5 A1
77%
A2 C3
74.6%
A2 C3
74.6%
A2 C3
74.6%
A2 C3
74.6%
C3 A2
74.6%
C3 A2
74.6%
C3 A2
74.6%
C3 A2
74.6%
D1 B8
70.1%
D1 B8
70.1%
D1 B8
70.1%
D1 B8
70.1%
B8 D1
70.1%
B8 D1
70.1%
B8 D1
70.1%
B8 D1
70.1%
C1 D4
66.6%
C1 D4
66.6%
C1 D4
66.6%
% Correct
C1 D4
66.6%
D4 C1
66.6%
D4 C1
66.6%
D4 C1
66.6%
D4 C1
66.6%
C2 A4
66%
C2 A4
66%
C2 A4
66%
C2 A4
66%
A4 C2
66%
A4 C2
66%
A4 C2
66%
A4 C2
66%
B1 B7
65.8%
B1 B7
65.8%
B1 B7
65.8%
B1 B7
65.8%
B7 B1
65.8%
B7 B1
65.8%
B7 B1
65.8%
B7 B1
65.8%
C6 A6
63.7%
A6 C6
63.7%
A6 C6
63.7%
A6 C6
63.7%
A6 C6
63.7%
C6 A6
63.7%
C6 A6
63.7%
C6 A6
63.7%
A3 A8
61.4%
A3 A8
61.4%
A3 A8
61.4%
A3 A8
61.4%
A8 A3
61.4%
A8 A3
61.4%
A8 A3
61.4%
A8 A3
61.4%
B3 D8
54.5%
B3 D8
54.5%
B3 D8
54.5%
B3 D8
54.5%
D8 B3
54.5%
D8 B3
54.5%
% Correct
D8 B3
54.5%
D8 B3
54.5%
B5 D7
51.9%
B5 D7
51.9%
B5 D7
51.9%
B5 D7
51.9%
D7 B5
51.9%
D7 B5
51.9%
D7 B5
51.9%
D7 B5
51.9%
D3 C7
51.4%
D3 C7
51.4%
D3 C7
51.4%
D3 C7
51.4%
C7 D3
51.4%
C7 D3
51.4%
C7 D3
51.4%
C7 D3
51.4%
B4 C8
51.3%
B4 C8
51.3%
B4 C8
51.3%
B4 C8
51.3%
C8 B4
51.3%
C8 B4
51.3%
C8 B4
51.3%
C8 B4
51.3%
C4 B6
40.8%
C4 B6
40.8%
C4 B6
40.8%
C4 B6
40.8%
B6 C4
40.8%
B6 C4
40.8%
B6 C4
40.8%
B6 C4
40.8%
C5 A7
39.9%
C5 A7
39.9%
C5 A7
39.9%
C5 A7
39.9%
A7 C5
39.9%
A7 C5
39.9%
A7 C5
39.9%
A7 C5
39.9%
Remove Ads.
Support Sporcle.
Get the best of Sporcle when you Go Orange. This ad-free experience offers more features, more stats, and more fun while also helping to support Sporcle. Thank you for becoming a member.

You're not logged in!

Compare scores with friends on all Sporcle quizzes.
OR
Log In

Show Comments

Extras

Top Quizzes Today


Score Distribution

Your Account Isn't Verified!

In order to create a playlist on Sporcle, you need to verify the email address you used during registration. Go to your Sporcle Settings to finish the process.

Report this User

Report this user for behavior that violates our Community Guidelines.

Details: